Statistics for Atatürk'ün İlkeleri

Click here to take the quiz!

General Stats

  • This quiz has been taken 5 724 times
  • The average score is 4 of 6

Answer Stats

İlkeler% Correct
Laiklik
73%
Cumhuriyetçilik
62%
Milliyetçilik
62%
Halkçılık
61%
Devletçilik
59%
İnkılâpçılık
47%

Score Distribution

Percentile by Number Answered

Percent of People with Each Score

Your Score History

You have not taken this quiz